| 000 | 01483nam a22002297a 4500 | ||
|---|---|---|---|
| 003 | DO-SdBNP | ||
| 005 | 20260302100709.0 | ||
| 008 | 210706b 2018 dr a 00| 0 eng d | ||
| 020 | _a9789945091038 | ||
| 040 |
_aDO-SdBNP _bspa _cBNPHU |
||
| 082 | 4 |
_2A473u _a337 _b22 |
|
| 100 | 1 |
_aÁlvarez Bogaert, Fernando, _d1941- _96927 |
|
| 245 | 1 | 0 |
_aUna mirada al tiempo / _cFernando Álvarez Bogaert. |
| 260 |
_aSanto Domingo : _bBúho, _c2018. |
||
| 300 |
_a137 p. ; _bil. ; _c23 cm. |
||
| 500 | _aIncluye datos biográficos del autor en las solapas | ||
| 505 | 0 | _aUna mirada al tiempo. Prólogo, 9.-- El enorme potencial de la energía solar, 17.-- Ascenso del populismo en algunas economías desarrolladas, 23.-- El pensamiento creativo: motor de grandes cambios en la sociedad, 29.-- Las perspectivas del petróleo, 35.-- La magia de Singapur, 41.-- El secreto del éxito en Alemania, 47.-- La gran sorpresa de las economías en la Eurozona, 54.-- NAFTA: un panorama incierto, 62.-- Canadá: una nación noble y progresista, 71.-- Educación permanente: un nuevo paradigma, 77.-- La globalización: un fenómeno en transición, 83.-- Europa hoy: cambios políticos y económicos, 95.-- Putin: ¿socialista o zarista?, 104.-- La economía global en 2018: un escenario distinto, 113.-- El yin y yan de las redes sociales, 119. | |
| 590 | _aInventariado, 2021 /LP | ||
| 650 | 0 |
_a Relaciones económicas internacionales _91067 |
|
| 650 | 0 |
_aGlobalización _91524 |
|
| 942 |
_2ddc _cLBS1 |
||
| 999 |
_c50059 _d50059 |
||